LEADER 01216nam a2200241 i 4500 001 000000195431 003 CaOOAMICUS 005 20160607000000.0 008 160607s1984 it u000 u mul u 013 $a174104 040 $aSeMil$bita 100 1 $aBattisti, Eugenio <1924-1989>.$0(OLS)http://semarc/name/89766 245 13$aLe macchine cifrate di Giovanni Fontana /$cEugenio Battisti, Giuseppa Saccaro Battisti. 260 $a[S.l.] :$bArcadia,$c1984. 300 $a167 p. :$bill. ;$c31 cm. 500 $aIn calce al front. : con la riproduzione del Cod. Icon. 242 della Bayerische Staatbibliothek di Monaco di Baviera e la decrittazione di esso e del Cod. lat. nouv. acq. 635 della Bibliothèque nationale di Parigi. 650 4$aFontana, Giovanni <1390-1454?>.$0(OLS)http://semarc/subject/36720 700 1 $aSaccaro Battisti, Giuseppa.$0(OLS)http://semarc/name/70935 850 $aSeMil 852 $aSeMil$W1$xVenegono$y1$m3X VI 28$j146000$B146000$CSeMilBibl$Z2$F211875 $81 961 $aOmaggio: Grampa dott. Cesare 996 $6245$aLe macchine cifrate di Giovanni Fontana$9(OLS)http://semarc/title/281971 996 $6260$a[S.l.] :$bArcadia$9(OLS)http://semarc/publisher/47998 LEADER 01045nam a2200241 i 4500 001 000000106758 003 CaOOAMICUS 005 20121119000000.0 008 121119s1998 it u000 u ita u 013 $a78952 020 $a88-8025-151-1 040 $aSeMil$bita 245 10$aOnlus :$benti non commerciali e Parrocchie /$ca cura dell' Avvocatura Generale Curia Arcivescovile di Milano. 260 $aMilano :$bCentro Ambrosiano,$ccopyr. 1998. 300 $a285 p. ;$c24 cm. 650 4$aEnti senza scopo di lucro - Legislazione.$0(OLS)http://semarc/subject/18567 710 0 $aArcidiocesi di Milano : Avvocatura Generale.$0(OLS)http://semarc/name/25820 850 $aSeMil 852 $aSeMil$W1$xVenegono$y1$m2J IV 231$j62869$B62869$CSeMilBibl$Z2$F72456 $81 961 $aOmaggio: Monti don Eros 996 $6020$a88-8025-151-1$9(OLS)http://semarc/number/87548 996 $6245$aOnlus :$benti non commerciali e Parrocchie$9(OLS)http://semarc/title/154888 996 $6260$aMilano :$bCentro Ambrosiano$9(OLS)http://semarc/publisher/29766